Sociálne siete ako nástroj marketingu
Online marketing a pôsobenie spoločností v prostredí internetu a na sociálnych sieťach sa stáva hlavným pilierom marketingových aktivít, na ktorých spoločnosti stavajú. Prvoradým cieľom sa stáva budovanie a udržanie lojality existujúcich zákazníkov prostredníctvom vzťahového marketingu. Jednými z na...
Salvato in:
| Autore principale: | |
|---|---|
| Natura: | Capitolo di libro |
| Lingua: | slovacco |
| Soggetti: | |
| Tags: |
Nessun Tag, puoi essere il primo ad aggiungerne!!
|
MARC
| LEADER | 00000naa$a2200000$$$4500 | ||
|---|---|---|---|
| 001 | 0251424 | ||
| 005 | 20240502074031.9 | ||
| 041 | 0 | |a slo | |
| 044 | |a SK | ||
| 245 | 1 | 0 | |a Sociálne siete ako nástroj marketingu |c Linda Vašková |
| 520 | |a Online marketing a pôsobenie spoločností v prostredí internetu a na sociálnych sieťach sa stáva hlavným pilierom marketingových aktivít, na ktorých spoločnosti stavajú. Prvoradým cieľom sa stáva budovanie a udržanie lojality existujúcich zákazníkov prostredníctvom vzťahového marketingu. Jednými z najpoužívanejších kanálov pre interakciu s existujúcimi či potenciálnymi zákazníkmi sú sociálne siete Facebook a Instagram. Efektívna reklama prostredníctvom sociálnych sietí Facebook a Instagram. Trendy v online marketingu v nasledujúcich rokoch. | ||
| 610 | 2 | 0 | |a marketing elektronický |
| 610 | 2 | 0 | |a marketing vzťahový |
| 610 | 2 | 0 | |a siete sociálne |
| 610 | 2 | 0 | |a komunikácia marketingová |
| 610 | 2 | 0 | |a spotrebitelia |
| 610 | 2 | 0 | |a reklama |
| 610 | 2 | 0 | |a efektívnosť |
| 100 | 1 | |a Vašková, Linda | |